Equipes types de Ligue 1 depuis 2010. - Statistiques

Statistiques générales
  • Ce quiz a été pris 926 fois
  • Le résultat moyen est 70 sur 110
Statistiques - réponses
Saison Poste Club Joueur % Correct
2022-2023 Attaquant PSG Kylian Mbappé
97%
Attaquant PSG Neymar
90%
2022-2023 Gardien Lens Brice Samba
89%
2021-2022 Gardien PSG Gianluigi Donnarumma
89%
Défenseur PSG Marquinhos
89%
Attaquant PSG Edinson Cavani
85%
2022-2023 Défenseur PSG Achraf Hakimi
84%
Défenseur PSG Thiago Silva
84%
2022-2023 Attaquant PSG Lionel Messi
83%
2022-2023 Défenseur PSG Nuno Mendes
81%
2014-2015 | 2015-2016 | 2017-2018 Gardien OM Steve Mandanda
81%
Attaquant OL Alexandre Lacazette
80%
Milieu Monaco Bernardo Silva
80%
Milieu PSG Marco Verratti
80%
Attaquant PSG Zlatan Ibrahimović
80%
2020-2021 Gardien PSG Keylor Navas
76%
2022-2023 Milieu Lens Seko Fofana
73%
2022-2023 Attaquant Lens Loïs Openda
69%
2012-2013 | 2013-2014 Gardien PSG Salvatore Sirigu
68%
2018-2019 Gardien Lille Mike Maignan
64%
2016-2017 Gardien Monaco Danijel Subašić
61%
Milieu Lille | OM Dimitri Payet
61%
Défenseur PSG Maxwell
60%
Milieu PSG Thiago Motta
60%
Milieu PSG Blaise Matuidi
58%
2022-2023 Défenseur OM Chancel Mbemba
58%
Défenseur Lens Jonathan Clauss
58%
2022-2023 Défenseur Lens Kevin Danso
58%
Défenseur PSG Presnel Kimpembe
58%
Attaquant Monaco Wissam Ben Yedder
58%
Défenseur Monaco Benjamin Mendy
56%
Défenseur OL Ferland Mendy
56%
2022-2023 Milieu OM Valentin Rongier
56%
Défenseur PSG David Luiz
55%
Attaquant | Milieu OL Nabil Fekir
55%
Défenseur Monaco Djibril Sidibé
52%
Attaquant | Milieu PSG Ángel Di María
51%
2022-2023 Milieu Nice Khéphren Thuram
49%
Attaquant Rennes Martin Terrier
47%
Défenseur Monaco Kamil Glik
46%
Attaquant OL Memphis Depay
45%
Milieu Monaco Aurélien Tchouaméni
41%
Milieu PSG Javier Pastore
41%
Défenseur PSG | Toulouse Serge Aurier
41%
Défenseur OM William Saliba
41%
Attaquant ASSE Pierre-Emerick Aubameyang
40%
Attaquant Nice Hatem Ben Arfa
39%
Attaquant Lille Nicolas Pepe
39%
Défenseur Strasbourg Kenny Lala
35%
Défenseur OL | PSG Christophe Jallet
34%
Défenseur PSG Dani Alves
33%
Milieu Lille Benjamin André
32%
Défenseur ASSE Loïc Perrin
31%
Milieu OL Lucas Paquetá
30%
Défenseur Monaco Layvin Kurzawa
29%
Milieu Monaco James Rodríguez
27%
Milieu OL Tanguy Ndombele
25%
Milieu OM Lassana Diarra
22%
Attaquant OM Mathieu Valbuena
22%
Milieu OM Luiz Gustavo
21%
Milieu Nice Jean Michaël Seri
19%
Défenseur OM Nicolas Nkoulou
10%
Défenseur Lille Reinildo Mandava
5%
Aucun quiz correspondant
Distribution des résultats
% des personnes avec chaque résultat
Percentile par nombre de réponses
Votre historique - résultats
Vous n’avez pas pris ce quiz